Postavenie Kolumbie v rámci Latinskej Ameriky diplomová práca

Gespeichert in:
Bibliographische Detailangaben
1. Verfasser: Hegyiová, Romana
Körperschaft: Obchodná fakulta EU. Katedra medzinárodného obchodu
Weitere Verfasser: Baumgartner, Boris
Format: Buch
Sprache:Slowakisch
Veröffentlicht: Bratislava 2017
Tags: Tag hinzufügen
Keine Tags, Fügen Sie das erste Tag hinzu!

MARC

LEADER 00000nbm a2200000 4500
001 0230562
005 20170927111351.6
041 0 |a slo 
044 |a SK 
245 1 0 |a Postavenie Kolumbie v rámci Latinskej Ameriky  |b diplomová práca  |c Romana Hegyiová ; školiteľ: Boris Baumgartner 
264 1 |a Bratislava  |c 2017 
300 |a 71 s. 
100 1 |a Hegyiová, Romana 
700 1 |a Baumgartner, Boris 
710 2 |a Obchodná fakulta EU. Katedra medzinárodného obchodu